Equilibrium in Auctions with Entry

Guardado en:
Detalles Bibliográficos
Autor principal: Levin, Dan
Otros Autores: Smith, James L.
Formato: Desconocido
Aporte de:Registro referencial: Solicitar el recurso aquí
LEADER 00354 a2200121 4500
001 ART_46641
005 20260410161926.0
008 260409a
245 1 0 |a Equilibrium in Auctions with Entry 
100 1 |a Levin, Dan 
700 1 |a Smith, James L. 
773 0 |t The American Economic Review  |g - Vol. 84, Nº 3 (jun. 1994)  |w REV16190 
999 |c 28128  |d 28128